Literary feminisms (Record no. 145072)

MARC details
000 -LEADER
fixed length control field 00542nam a22001817a 4500
005 - DATE AND TIME OF LATEST TRANSACTION
control field 20171016112210.0
010 ## - LCCN (DPL NO)
LC control number 1718EN-30
020 ## - INTERNATIONAL STANDARD BOOK NUMBER
International Standard Book Number 9781137612038
Terms of availability 545.00
037 ## - SOURCE OF ACQUISITION
Source of stock number/acquisition Atlantic
Stock number dpl
100 ## - MAIN ENTRY--PERSONAL NAME
Personal name Robbines, Ruth
245 ## - TITLE STATEMENT
Title Literary feminisms
Statement of responsibility, etc by Ruth Robbins
260 ## - PUBLICATION, DISTRIBUTION, ETC. (IMPRINT)
Place of publication, distribution, etc New York
Name of publisher, distributor, etc Palgrave Macmillan
Date of publication, distribution, etc 2017
270 ## - ADDRESS
Address 175, Fifth Avaenue,
City New York
Postal code NY-10010
300 v# - PHYSICAL DESCRIPTION
Extent xii,290p.
Dimensions 21cm(pbk)
500 ## - GENERAL NOTE
General note Includes bibliographical and index
942 ## - ADDED ENTRY ELEMENTS (KOHA)
Source of classification or shelving scheme Dewey Decimal Classification
Item type English Books
Call number suffix ROB

No items available.


© Delhi Public Library
Hit Counter
free hit counter